[Event "2BLS 2122 SC Böblingen - SC Eppingen"]
[Site "?"]
[Date "2022.05.01"]
[Round "4.8"]
[White "Schuh, Karsten"]
[Black "Hamid, Emran"]
[Result "0-1"]
[WhiteElo "2170"]
[BlackElo "2186"]
[PlyCount "66"]
[EventDate "2022.??.??"]

1. Nf3 c5 2. c4 Nc6 3. g3 e5 4. Nc3 g6 5. Bg2 Bg7 6. O-O Nge7 7. Ne1 O-O 8. Nc2
d6 9. Ne3 f5 10. d3 Rb8 11. Ned5 h6 12. e3 a6 13. Bd2 Kh7 14. a3 b5 15. cxb5
axb5 16. b4 Be6 17. Rc1 Qd7 18. Qe2 Rfc8 19. Rfd1 Nxd5 20. Nxd5 Qf7 21. e4 Nd4
22. Qe3 f4 23. gxf4 Bxd5 24. exd5 exf4 25. Qh3 f3 26. Bf1 Qxd5 27. Re1 Rc7 28.
bxc5 Nb3 29. cxd6 Rxc1 30. Bxc1 Nxc1 31. d7 Ne2+ 32. Bxe2 fxe2 33. Rxe2 Rd8 0-1

[Event "2BLS 2122 SV 1947 Walldorf - OSG Baden-"]
[Site "?"]
[Date "2022.05.01"]
[Round "4.1"]
[White "Gozzoli, Yannick"]
[Black "Gschnitzer, Adrian"]
[Result "1-0"]
[WhiteElo "2595"]
[BlackElo "2435"]
[PlyCount "63"]
[EventDate "2022.??.??"]

1. Nf3 d5 2. d4 e6 3. c4 c6 4. g3 dxc4 5. Bg2 b5 6. O-O Bb7 7. a4 Nf6 8. Ne5 a6
9. Nc3 Qc8 10. b3 cxb3 11. Qxb3 Nbd7 12. Ba3 Rb8 13. Bxf8 Kxf8 14. Rfc1 c5 15.
Bxb7 Qxb7 16. axb5 Nxe5 17. dxe5 Nd7 18. Qd1 axb5 19. Nxb5 Qd5 20. Qxd5 exd5
21. Ra7 Rd8 22. f4 g5 23. Nd6 gxf4 24. gxf4 Rg8+ 25. Kf2 Rg4 26. Kf3 Rh4 27.
Kg3 Rh6 28. Rb1 c4 29. Rxd7 Rg6+ 30. Kf3 Rxd7 31. Rb8+ Kg7 32. Nf5# 1-0

[Event "2BLS 2122 SV 1947 Walldorf - OSG Baden-"]
[Site "?"]
[Date "2022.05.01"]
[Round "4.2"]
[White "Muckle, Julius"]
[Black "Dann, Matthias"]
[Result "1/2-1/2"]
[WhiteElo "2391"]
[BlackElo "2456"]
[PlyCount "127"]
[EventDate "2022.??.??"]

1. d4 Nf6 2. c4 g6 3. Nc3 Bg7 4. e4 d6 5. f3 O-O 6. Be3 c5 7. dxc5 dxc5 8. Qxd8
Rxd8 9. Bxc5 Nc6 10. Be3 Be6 11. Nd5 Bxd5 12. cxd5 Nb4 13. O-O-O Nfxd5 14. exd5
Nxd5 15. Rxd5 Rxd5 16. Be2 Bd4 17. Bxd4 Rxd4 18. Nh3 Rc8+ 19. Kb1 Rd2 20. Bd1
Rxg2 21. Nf4 Rd2 22. Ne2 Rcd8 23. Kc1 Kg7 24. h4 e5 25. h5 f5 26. hxg6 hxg6 27.
Re1 Kf6 28. Nc3 R2d4 29. Bb3 a6 30. a3 b5 31. Kc2 Rd3 32. Re2 Rxf3 33. Nd5+ Kg5
34. Rxe5 Rd6 35. Nc3 Rf2+ 36. Kc1 Kf4 37. Re1 g5 38. Nd5+ Kf3 39. Ne3 Kf4 40.
Nd5+ Kg4 41. Ne3+ Kh5 42. Bc2 Kg6 43. Rh1 Rd8 44. Kb1 Re8 45. Rh3 g4 46. Bxf5+
Rxf5 47. Nxg4 Re2 48. Ne3 Rff2 49. Nd1 Rg2 50. Rb3 Kf7 51. Nc3 Re1+ 52. Ka2 Rg4
53. Nd5 Rc4 54. Rf3+ Ke6 55. Nc3 Rd4 56. Rh3 Kd7 57. Rh6 Re6 58. Rh2 Kc6 59.
Kb3 Red6 60. Rh5 Rg4 61. Rh2 a5 62. Rh5 Rg3 63. Ka2 Rxc3 64. bxc3 1/2-1/2

[Event "2BLS 2122 SV 1947 Walldorf - OSG Baden-"]
[Site "?"]
[Date "2022.05.01"]
[Round "4.3"]
[White "Bellahcene, Bilel"]
[Black "Faerber, David"]
[Result "1/2-1/2"]
[WhiteElo "2515"]
[BlackElo "2322"]
[PlyCount "53"]
[EventDate "2022.??.??"]

1. e4 c6 2. d4 d5 3. e5 Bf5 4. g4 Be4 5. f3 Bg6 6. h4 h5 7. Bg5 Qb6 8. Nc3 e6
9. Qd2 c5 10. dxc5 Bxc5 11. Na4 Qc6 12. Nxc5 Qxc5 13. gxh5 Bxh5 14. O-O-O Nc6
15. Be3 Qa5 16. Qxa5 Nxa5 17. Re1 Ne7 18. f4 Nac6 19. Rh2 Rc8 20. a3 d4 21. Bd2
Bg6 22. Kb1 Nf5 23. Nf3 Bh5 24. Ng5 Bg6 25. Nf3 Bh5 26. Ng5 Bg6 27. Nf3 1/2-1/2

[Event "2BLS 2122 SV 1947 Walldorf - OSG Baden-"]
[Site "?"]
[Date "2022.05.01"]
[Round "4.4"]
[White "Gschnitzer, Oswald"]
[Black "Riff, Jean-Noel"]
[Result "1/2-1/2"]
[WhiteElo "2366"]
[BlackElo "2445"]
[PlyCount "24"]
[EventDate "2022.??.??"]

1. d4 Nf6 2. Nf3 e6 3. c4 d5 4. Nc3 Be7 5. Bg5 h6 6. Bxf6 Bxf6 7. e3 O-O 8. Qd2
dxc4 9. Bxc4 c5 10. dxc5 Nd7 11. Ne4 Be7 12. c6 bxc6 1/2-1/2

[Event "2BLS 2122 SV 1947 Walldorf - OSG Baden-"]
[Site "?"]
[Date "2022.05.01"]
[Round "4.5"]
[White "Schmider, Niklas"]
[Black "Fichter, Fabian"]
[Result "1-0"]
[WhiteElo "2366"]
[BlackElo "2229"]
[PlyCount "159"]
[EventDate "2022.??.??"]

1. d4 d5 2. c4 c6 3. Nf3 Nf6 4. e3 e6 5. b3 Nbd7 6. Bd3 Bd6 7. Bb2 O-O 8. O-O
Re8 9. Ne5 Nf8 10. Nd2 N6d7 11. Qh5 g6 12. Qh6 f6 13. Nef3 f5 14. Ne5 Qe7 15.
f4 Nf6 16. Ndf3 Qg7 17. Qh4 h6 18. Qg3 Bd7 19. Kh1 Re7 20. Rg1 Be8 21. Qh3 h5
22. Qh4 Ng4 23. Rae1 Rf7 24. h3 Be7 25. Qg3 Qh8 26. Nh2 Nxe5 27. dxe5 Qh6 28.
Qf3 Bb4 29. Re2 Rg7 30. g4 fxg4 31. hxg4 g5 32. fxg5 Rxg5 33. Qh3 Bg6 34. Bxg6
Qxg6 35. Reg2 h4 36. Nf3 Nh7 37. Qxh4 Rf8 38. Nxg5 Nxg5 39. Qh5 Kg7 40. Qxg6+
Kxg6 41. Re2 Nh3 42. Rgg2 Kg5 43. cxd5 cxd5 44. Kh2 Kh4 45. Rc2 Ng5 46. Kh1 Be1
47. Ba3 Rf7 48. Rc8 Kh3 49. Rf8 Bg3 50. Rxf7 Nxf7 51. Rc2 Bxe5 52. Rf2 Ng5 53.
Be7 Ne4 54. Rf7 d4 55. Rh7+ Kxg4 56. exd4 Bxd4 57. Kg2 e5 58. Bb4 b5 59. Rb7
Bb6 60. Rf7 Bd4 61. Kf1 Ng5 62. Rb7 Bb6 63. Ke2 Kf5 64. Re7 Ne6 65. Bd6 e4 66.
Kd2 Kf6 67. Rh7 Kg6 68. Rh4 e3+ 69. Kd3 Kg5 70. Re4 Kf6 71. Re5 a6 72. Rh5 Nd4
73. Be5+ Kg6 74. Bxd4 Bxd4 75. Kxd4 Kxh5 76. Kxe3 Kg5 77. Kd4 Kf6 78. Kc5 Ke5
79. Kb6 Kd6 80. Kxa6 1-0

[Event "2BLS 2122 SV 1947 Walldorf - OSG Baden-"]
[Site "?"]
[Date "2022.05.01"]
[Round "4.6"]
[White "Hauser, Carlos"]
[Black "Schmaltz, Roland"]
[Result "1/2-1/2"]
[WhiteElo "2249"]
[BlackElo "2460"]
[PlyCount "84"]
[EventDate "2022.??.??"]

1. d4 Nf6 2. c4 e6 3. Nc3 Bb4 4. e3 O-O 5. Bd2 b6 6. Nf3 Bb7 7. Be2 d5 8. cxd5
exd5 9. Ne5 c5 10. O-O Nc6 11. f4 cxd4 12. Nxc6 Bxc6 13. exd4 Bxc3 14. Bxc3 Ne4
15. Rc1 Re8 16. Bf3 Qd6 17. f5 Bb5 18. Re1 Qf4 19. f6 gxf6 20. g3 Qg5 21. Kg2
f5 22. Bxe4 fxe4 23. h4 Qf5 24. Re3 Bd7 25. Qf1 Qxf1+ 26. Kxf1 Rac8 27. Bd2
Bb5+ 28. Kf2 Bd3 29. Ree1 Rc4 30. b3 Rcc8 31. Rxc8 Rxc8 32. Rc1 Rxc1 33. Bxc1
Kf8 34. Bf4 Ke7 35. Ke3 Bb1 36. a3 Bc2 37. b4 Kd7 38. Kd2 Bb3 39. Be3 Kc6 40.
Kc3 Ba4 41. Bf4 Kd7 42. Kd2 Bb5 1/2-1/2

[Event "2BLS 2122 SV 1947 Walldorf - OSG Baden-"]
[Site "?"]
[Date "2022.05.01"]
[Round "4.7"]
[White "Trifan, Andrei Ioan"]
[Black "Zuse, Peter"]
[Result "1-0"]
[WhiteElo "2253"]
[BlackElo "2223"]
[PlyCount "85"]
[EventDate "2022.??.??"]

1. e4 c5 2. Nf3 d6 3. d4 cxd4 4. Nxd4 Nf6 5. Nc3 a6 6. Bg5 e6 7. f4 Be7 8. Qf3
h6 9. Bh4 Qc7 10. O-O-O Nbd7 11. f5 Ne5 12. Qh3 Nfg4 13. Be2 h5 14. Rhf1 Bxh4
15. Qxh4 Qe7 16. Qg3 Bd7 17. Kb1 O-O-O 18. h3 h4 19. Qf4 Nf6 20. Qg5 Kb8 21.
Rf4 Nd5 22. Qxe7 Nxe7 23. Rf2 N7c6 24. Nf3 Nxf3 25. Bxf3 Bc8 26. Rfd2 Kc7 27.
fxe6 fxe6 28. Ne2 Ne5 29. Nd4 Rhf8 30. c4 b6 31. b3 Rf4 32. Kc2 Nxf3 33. Nxf3
Rxe4 34. Kd3 d5 35. cxd5 exd5 36. Rc1+ Kd6 37. Nd4 Bd7 38. Rf2 Rde8 39. Rf3
R8e7 40. g3 hxg3 41. Rxg3 Rh4 42. Rg6+ Be6 43. Nf5+ 1-0

[Event "2BLS 2122 SV 1947 Walldorf - OSG Baden-"]
[Site "?"]
[Date "2022.05.01"]
[Round "4.8"]
[White "Hess, Markus"]
[Black "Doll, Rebecca"]
[Result "1-0"]
[WhiteElo "2112"]
[BlackElo "1913"]
[PlyCount "117"]
[EventDate "2022.??.??"]

1. Nf3 Nf6 2. g3 d5 3. d3 e6 4. Bg2 Bb4+ 5. c3 Bd6 6. Nbd2 e5 7. e4 c6 8. O-O
O-O 9. Re1 Re8 10. Nf1 Nbd7 11. Qc2 Nb6 12. Ne3 Qe7 13. Nh4 g6 14. a4 Be6 15.
Nf3 h6 16. a5 Nbd7 17. b4 Kg7 18. Bb2 dxe4 19. dxe4 a6 20. Rad1 Rad8 21. Bf1
Bg4 22. Nxg4 Nxg4 23. Bc1 Nf8 24. h3 Nf6 25. Be3 Ne6 26. Nd2 Bc7 27. Nb3 Rxd1
28. Rxd1 Rd8 29. f3 Nh5 30. Kf2 Qf6 31. Rxd8 Qxd8 32. Qd2 Qxd2+ 33. Bxd2 Nf6
34. Bc4 Nd7 35. Bxe6 fxe6 36. Be3 Bd6 37. Ke2 g5 38. Kd3 Kf7 39. Kc4 Kf6 40.
Nc5 Nxc5 41. Bxc5 Ke7 42. Bxd6+ Kxd6 43. g4 Kd7 44. Kc5 Kc7 45. c4 Kd7 46. Kb6
Kc8 47. b5 cxb5 48. cxb5 axb5 49. Kxb5 Kd7 50. Kb6 Kc8 51. a6 bxa6 52. Kxa6 Kc7
53. Ka7 Kc6 54. Kb8 Kd6 55. Kc8 Ke7 56. Kc7 Kf7 57. Kd7 Kf6 58. Ke8 Kg6 59. Ke7
1-0

[Event "2BLS 2122 SV Worms 1878 - SC Ötigheim"]
[Site "?"]
[Date "2022.05.01"]
[Round "4.1"]
[White "Bauer, Christian"]
[Black "Karsay, Pascal"]
[Result "1-0"]
[WhiteElo "2597"]
[BlackElo "2302"]
[PlyCount "111"]
[EventDate "2022.??.??"]

1. d4 Nf6 2. Nf3 e6 3. Bf4 d5 4. e3 Bd6 5. Bg3 O-O 6. Bd3 c5 7. dxc5 Bxc5 8.
Nbd2 Nc6 9. c3 Re8 10. O-O e5 11. e4 Bg4 12. Bh4 d4 13. Qe2 dxc3 14. bxc3 Be7
15. Rab1 Nd7 16. Bxe7 Nxe7 17. Bc4 Nc8 18. h3 Bxf3 19. Nxf3 Ncb6 20. Rfd1 Qc7
21. Bb3 Nc5 22. Qe3 Rac8 23. Rbc1 Ne6 24. Ng5 Nxg5 25. Qxg5 Qe7 26. Qf5 g6 27.
Qf3 Red8 28. h4 Rxd1+ 29. Rxd1 Rc7 30. h5 Rd7 31. Rb1 Kg7 32. g3 Rd6 33. Kg2
Nd7 34. hxg6 hxg6 35. Qe3 b6 36. Rh1 Qf6 37. Qh6+ Kg8 38. Qh7+ Kf8 39. Bd5 b5
40. Qh6+ Ke7 41. Qe3 Nb6 42. Bb3 Kf8 43. Qc5 Kg7 44. Qxb5 Rd2 45. Qc5 Rd3 46.
Re1 a6 47. Re3 Nd7 48. Qa7 Rxe3 49. Qxe3 Qb6 50. Qd3 Qc6 51. Bd5 Qd6 52. Qc4 f6
53. Qc8 f5 54. Qg8+ Kf6 55. Qf7+ Kg5 56. exf5 1-0

[Event "2BLS 2122 SV Worms 1878 - SC Ötigheim"]
[Site "?"]
[Date "2022.05.01"]
[Round "4.2"]
[White "Baerwinkel, Tobias"]
[Black "Georgiev, Kiril"]
[Result "1/2-1/2"]
[WhiteElo "2333"]
[BlackElo "2564"]
[PlyCount "73"]
[EventDate "2022.??.??"]

1. d4 Nf6 2. c4 e6 3. g3 d5 4. Bg2 dxc4 5. Nf3 Nc6 6. Qa4 Bb4+ 7. Bd2 Nd5 8.
Qb5 Bxd2+ 9. Nbxd2 c3 10. bxc3 Nxc3 11. Qd3 Nd5 12. O-O O-O 13. Rfc1 Rb8 14.
Rab1 Bd7 15. a3 Qe7 16. Nc4 Rfd8 17. h4 h6 18. e3 Be8 19. Rb3 b6 20. e4 Nf6 21.
Qe3 Rbc8 22. Rbc3 Nb8 23. Nce5 c5 24. dxc5 Rxc5 25. Rxc5 bxc5 26. Rxc5 Nxe4 27.
Ra5 Nf6 28. Rxa7 Qd6 29. Ra8 Nc6 30. Rxd8 Qxd8 31. Qc5 Nxe5 32. Nxe5 Qd1+ 33.
Kh2 Qe1 34. Bf3 Qa1 35. Kg2 Qb2 36. Nc6 Qb3 37. Ne5 1/2-1/2

[Event "2BLS 2122 SV Worms 1878 - SC Ötigheim"]
[Site "?"]
[Date "2022.05.01"]
[Round "4.3"]
[White "Van den Doel, Erik"]
[Black "Ollenberger, Roland"]
[Result "1-0"]
[WhiteElo "2588"]
[BlackElo "2266"]
[PlyCount "107"]
[EventDate "2022.??.??"]

1. d4 Nf6 2. Nf3 e6 3. Bf4 d5 4. e3 Bd6 5. Bg3 b6 6. c4 O-O 7. cxd5 exd5 8. Nc3
Bb7 9. Rc1 Na6 10. Bxd6 Qxd6 11. Qa4 Qb4 12. Qc2 c5 13. a3 Qa5 14. Nd2 c4 15.
Be2 b5 16. O-O Rfe8 17. b3 Nc7 18. Qb2 Bc8 19. h3 h5 20. b4 Qb6 21. a4 a6 22.
Ra1 Rb8 23. axb5 Nxb5 24. Na4 Qd6 25. Nf3 Ne4 26. Ne5 Qh6 27. Nc5 Nxc5 28. bxc5
Bf5 29. Bf3 Nc7 30. Qd2 Rb5 31. Qd1 g6 32. g4 Bc8 33. Bg2 hxg4 34. hxg4 Kg7 35.
Qf3 f6 36. Nc6 Rf8 37. Qg3 Rf7 38. Na7 Rb8 39. Nxc8 Rxc8 40. Rfb1 Qh8 41. g5
Qd8 42. gxf6+ Rxf6 43. Rb7 Rc6 44. Rab1 Kf8 45. R1b6 Ne8 46. Qh3 R8c7 47. Qh8+
Kf7 48. Rb8 Rc8 49. R6b7+ R6c7 50. Rxc8 Qxc8 51. Bxd5+ Ke7 52. Qh7+ Kd8 53.
Qh4+ Kd7 54. Rb6 1-0

[Event "2BLS 2122 SV Worms 1878 - SC Ötigheim"]
[Site "?"]
[Date "2022.05.01"]
[Round "4.4"]
[White "Muranyi, Karl-Jasmin"]
[Black "Cornette, Matthieu"]
[Result "1-0"]
[WhiteElo "2334"]
[BlackElo "2569"]
[PlyCount "73"]
[EventDate "2022.??.??"]

1. d4 d5 2. c3 c5 3. Bf4 Nc6 4. e3 Qb6 5. Qb3 c4 6. Qc2 e5 7. Bxe5 Bf5 8. Qc1
Nxe5 9. dxe5 f6 10. e6 Ne7 11. Nf3 Nc6 12. Nbd2 Bc5 13. Be2 Ne5 14. b4 Bd6 15.
O-O Bxe6 16. Nd4 Bf7 17. Nf5 Bf8 18. Qd1 O-O-O 19. a4 Qc7 20. Nf3 h5 21. a5 Bg6
22. N5d4 Qd7 23. a6 b6 24. b5 Bc5 25. Nxe5 fxe5 26. Nc6 Rde8 27. Ra2 Rh6 28.
Rd2 Be4 29. Re1 Rg6 30. Bf3 Qf5 31. Bxe4 Qxe4 32. f3 Bxe3+ 33. Kh1 Qf4 34. Rxd5
Rxc6 35. bxc6 e4 36. Re5 Rd8 37. Re8 1-0

[Event "2BLS 2122 SV Worms 1878 - SC Ötigheim"]
[Site "?"]
[Date "2022.05.01"]
[Round "4.5"]
[White "Grigoriants, Sergey"]
[Black "Musiolik, David"]
[Result "1-0"]
[WhiteElo "2541"]
[BlackElo "2220"]
[PlyCount "99"]
[EventDate "2022.??.??"]

1. e4 e6 2. d4 d5 3. Nd2 Nf6 4. e5 Nfd7 5. Bd3 c5 6. c3 Nc6 7. Ne2 cxd4 8. cxd4
f6 9. exf6 Nxf6 10. Nf3 Bd6 11. O-O Qc7 12. h3 O-O 13. Be3 Bd7 14. Rc1 Rae8 15.
Nc3 a6 16. Na4 Re7 17. Ne5 Be8 18. f4 Nh5 19. Qg4 g6 20. Nc5 Ng7 21. Bf2 Qc8
22. Rc3 Rc7 23. Rfc1 Nf5 24. Bxf5 Rxf5 25. Ncd3 Qd8 26. Be3 Nxe5 27. fxe5 Rxc3
28. Rxc3 Be7 29. Qd1 Bc6 30. Nf2 Kg7 31. Rc1 Bb5 32. Qd2 Bh4 33. Bh6+ Kh8 34.
Ng4 Bc6 35. Bf4 h5 36. Nf6 Kg7 37. g4 hxg4 38. hxg4 Rxf4 39. Qxf4 Bxf6 40.
exf6+ Qxf6 41. Rf1 Qxf4 42. Rxf4 g5 43. Rf2 Bb5 44. Kg2 Bd3 45. Kf3 Bb1 46. b3
Kf6 47. Ke3+ Ke7 48. Kd2 e5 49. Rf1 Bg6 50. dxe5 1-0

[Event "2BLS 2122 SV Worms 1878 - SC Ötigheim"]
[Site "?"]
[Date "2022.05.01"]
[Round "4.6"]
[White "Martin, Mike"]
[Black "Inkiov, Ventzislav"]
[Result "1/2-1/2"]
[WhiteElo "2124"]
[BlackElo "2418"]
[PlyCount "113"]
[EventDate "2022.??.??"]

1. e4 c5 2. Nf3 d6 3. Bb5+ Nc6 4. O-O Bd7 5. c3 a6 6. Ba4 Nf6 7. Re1 b5 8. Bc2
e5 9. d4 Be7 10. h3 O-O 11. d5 Na5 12. g4 Ne8 13. Kh2 b4 14. cxb4 cxb4 15. Ba4
Rb8 16. Bxd7 Qxd7 17. Qd3 Nc7 18. Be3 Rfc8 19. Nbd2 Qb5 20. Qxb5 axb5 21. Rec1
Na6 22. b3 Rc3 23. Nf1 f6 24. Kg2 Nb7 25. Ne1 Nbc5 26. f3 g6 27. Bd2 Rxc1 28.
Rxc1 f5 29. gxf5 gxf5 30. Ng3 f4 31. Nf5 Kf7 32. Kf2 Ke8 33. Ke2 Kd7 34. Nc2
Rg8 35. Rf1 Bd8 36. Ne1 Bb6 37. Rh1 Nc7 38. Bxb4 Ra8 39. a3 Ne8 40. Bxc5 dxc5
41. Nc2 Nd6 42. Nxd6 Kxd6 43. Rg1 c4 44. Rb1 Bd4 45. bxc4 bxc4 46. Rb7 Rg8 47.
Ne1 Ra8 48. Rxh7 Rxa3 49. Rh6+ Kd7 50. Nc2 Rc3 51. Nxd4 exd4 52. Rc6 d3+ 53.
Kd1 Rc2 54. h4 c3 55. h5 Rd2+ 56. Kc1 Rc2+ 57. Kd1 1/2-1/2

[Event "2BLS 2122 SV Worms 1878 - SC Ötigheim"]
[Site "?"]
[Date "2022.05.01"]
[Round "4.7"]
[White "Lerch, Patrice"]
[Black "Boos, Patrick"]
[Result "1/2-1/2"]
[WhiteElo "2327"]
[BlackElo "1987"]
[PlyCount "60"]
[EventDate "2022.??.??"]

1. e4 e6 2. f4 d5 3. e5 c5 4. Nf3 Nc6 5. c3 Nge7 6. Na3 a6 7. d4 Nf5 8. Nc2 Bd7
9. Bd3 c4 10. Be2 Be7 11. O-O h5 12. Qe1 Qb6 13. Bd1 O-O-O 14. Rf2 Rdg8 15. b3
Na5 16. Ne3 Nxe3 17. Bxe3 Kb8 18. Rb2 Qc7 19. Bc2 Ka8 20. Bf2 Rc8 21. h3 Bd8
22. b4 Nc6 23. a4 Be7 24. Bh4 f6 25. Qe3 b6 26. Rf1 Rce8 27. Rbb1 Nd8 28. Qd2
Reg8 29. Bf2 Nf7 30. Be3 f5 1/2-1/2

[Event "2BLS 2122 SV Worms 1878 - SC Ötigheim"]
[Site "?"]
[Date "2022.05.01"]
[Round "4.8"]
[White "Guckes, Fabian"]
[Black "Kuehn, Kolja"]
[Result "0-1"]
[WhiteElo "1739"]
[BlackElo "2140"]
[PlyCount "54"]
[EventDate "2022.??.??"]

1. e4 e5 2. Nf3 Nc6 3. Bb5 g6 4. d3 Bg7 5. O-O Nge7 6. c3 a6 7. Ba4 O-O 8. Bb3
d6 9. Be3 Kh8 10. Qc1 Bg4 11. Bh6 Bxf3 12. Bxg7+ Kxg7 13. gxf3 f5 14. Qg5 Qd7
15. Nd2 Rf6 16. Rad1 Raf8 17. Qg2 d5 18. f4 fxe4 19. fxe5 Rf5 20. h3 exd3 21.
c4 dxc4 22. Nxc4 Nd4 23. Ne3 Nf3+ 24. Kh1 Nxe5 25. Qg3 N7c6 26. Bd5 Rf3 27.
Bxc6 Nxc6 0-1

[Event "2BLS 2122 TSV Schönaich - SV 1947 Wall"]
[Site "?"]
[Date "2022.05.14"]
[Round "5.1"]
[White "Aczel, Gergely"]
[Black "Plenca, Jadranko"]
[Result "1/2-1/2"]
[WhiteElo "2519"]
[BlackElo "2443"]
[PlyCount "147"]
[EventDate "2022.??.??"]

1. d4 d5 2. c4 c6 3. cxd5 cxd5 4. Bf4 Nc6 5. e3 Nf6 6. Nc3 a6 7. Bd3 Bg4 8.
Nge2 e6 9. Rc1 Bd6 10. f3 Bh5 11. Na4 e5 12. dxe5 Nxe5 13. O-O O-O 14. Bf5 Re8
15. Qd4 Nc6 16. Qb6 Qxb6 17. Nxb6 Rad8 18. Rfd1 Be5 19. Rd2 Bg6 20. Bxg6 hxg6
21. Rcd1 Bxf4 22. exf4 Re6 23. Na4 Ne7 24. g4 Rc6 25. Nac3 b5 26. a3 Rc4 27.
Rd4 Nc6 28. Rxc4 dxc4 29. Rxd8+ Nxd8 30. Nd4 Kf8 31. h4 Ke7 32. f5 gxf5 33.
Nxf5+ Kf8 34. Kf2 g6 35. Nd4 Ke7 36. Ke3 Nb7 37. Ne4 Nxe4 38. fxe4 Nc5 39. Nc6+
Ke6 40. Nb4 Ke5 41. Nc6+ Ke6 42. Nb4 Ke5 43. h5 gxh5 44. gxh5 Nxe4 45. h6 Nf6
46. Kf3 a5 47. Nc6+ Kf5 48. Nd4+ Kg6 49. Nxb5 Nd7 50. Nd6 Nb6 51. Ke4 f6 52.
Nb7 Na4 53. Kd4 Nxb2 54. Nxa5 Kxh6 55. Kc3 Na4+ 56. Kb4 Nb6 57. Nxc4 Nd7 58.
Kb5 f5 59. Kc6 Nb8+ 60. Kc7 Na6+ 61. Kb6 Nb8 62. Kc7 Na6+ 63. Kb6 Nb8 64. Ne5
Kg7 65. Kb7 Kf6 66. Nd3 Nd7 67. a4 Ne5 68. Nb2 f4 69. a5 f3 70. Nd1 Nd3 71. Kb6
Nb4 72. Ne3 Ke5 73. a6 Nxa6 74. Kxa6 1/2-1/2

[Event "2BLS 2122 TSV Schönaich - SV 1947 Wall"]
[Site "?"]
[Date "2022.05.14"]
[Round "5.2"]
[White "Krassowizkij, Jaroslaw"]
[Black "Gschnitzer, Adrian"]
[Result "1/2-1/2"]
[WhiteElo "2437"]
[BlackElo "2441"]
[PlyCount "116"]
[EventDate "2022.??.??"]

1. d4 d5 2. c4 e6 3. Nc3 c6 4. e4 dxe4 5. Nxe4 Bb4+ 6. Bd2 Qxd4 7. Bxb4 Qxe4+
8. Be2 Na6 9. Ba5 b6 10. Qd6 Bd7 11. Bc3 f6 12. Nf3 Ne7 13. O-O-O Qxe2 14.
Qxd7+ Kf7 15. Rhe1 Qxc4 16. Re3 Rhd8 17. Ne5+ fxe5 18. Rf3+ Qf4+ 19. Rxf4+ exf4
20. Qb7 Nc5 21. Rxd8 Rxd8 22. Qxa7 Nd3+ 23. Kc2 b5 24. Bxg7 e5 25. a3 Ke6 26.
Qc7 Rc8 27. Qa7 Rd8 28. Qc7 Rc8 29. Qxc8+ Nxc8 30. Kxd3 Kd5 31. g4 fxg3 32.
fxg3 Nd6 33. Bf8 Nc4 34. b3 Nb6 35. g4 c5 36. h4 c4+ 37. Kc3 e4 38. Bh6 cxb3
39. Kxb3 Nc4 40. h5 Ne5 41. Kb4 Nxg4 42. Bf8 Kc6 43. Kc3 Nf6 44. Kd4 Nxh5 45.
Kxe4 Nf6+ 46. Kf5 Nd7 47. Bb4 Kd5 48. Kg5 Kc4 49. Kh6 Nf6 50. Bf8 Kb3 51. Bd6
Ne4 52. Bf8 Nd2 53. Kxh7 Nc4 54. Kg6 Nxa3 55. Kf5 Nc2 56. Ke4 Kc4 57. Kf3 b4
58. Bxb4 Nxb4 1/2-1/2

[Event "2BLS 2122 TSV Schönaich - SV 1947 Wall"]
[Site "?"]
[Date "2022.05.14"]
[Round "5.3"]
[White "Muckle, Julius"]
[Black "Doric, Darko"]
[Result "0-1"]
[WhiteElo "2391"]
[BlackElo "2483"]
[PlyCount "138"]
[EventDate "2022.??.??"]

1. d4 Nf6 2. c4 e6 3. Nf3 d5 4. Nc3 c5 5. e3 cxd4 6. exd4 Bb4 7. cxd5 Nxd5 8.
Bb5+ Bd7 9. Bxd7+ Nxd7 10. O-O Nxc3 11. bxc3 Bd6 12. c4 b6 13. Be3 O-O 14. Qa4
Qe7 15. Bg5 Nf6 16. Rfe1 h6 17. Bh4 Qd7 18. Qb3 Nh5 19. Rad1 Qc7 20. Ne5 Rac8
21. Qf3 g6 22. Ng4 Kh7 23. Bg3 Nxg3 24. hxg3 h5 25. Nf6+ Kg7 26. c5 Be7 27. Ne4
Rfd8 28. Nc3 bxc5 29. d5 Qb7 30. Rb1 Qa8 31. dxe6 Qxf3 32. gxf3 Rc7 33. exf7
Kxf7 34. Ne4 c4 35. Rec1 Rd3 36. Kf1 Rxf3 37. Nd2 Rf5 38. Nxc4 Rfc5 39. Ne5+
Kf6 40. Rxc5 Bxc5 41. Nd3 Bd6 42. f4 Rc2 43. Rb2 Rxb2 44. Nxb2 Kf5 45. Nc4 Bc7
46. Kg2 h4 47. Kf3 hxg3 48. Ne3+ Ke6 49. Kg4 a5 50. Ng2 Kd5 51. Kxg3 Ke4 52.
Kg4 Bd8 53. a4 Bf6 54. Ne1 Kd4 55. Nf3+ Kc4 56. Ne5+ Kb4 57. Nxg6 Kxa4 58. Kf5
Bc3 59. Ne5 Kb3 60. Nd3 Kc4 61. Ne5+ Kd5 62. Nd7 Bd4 63. Nf6+ Bxf6 64. Kxf6 a4
65. f5 a3 66. Ke7 a2 67. f6 a1=Q 68. f7 Qa3+ 69. Ke8 Ke6 0-1

[Event "2BLS 2122 TSV Schönaich - SV 1947 Wall"]
[Site "?"]
[Date "2022.05.14"]
[Round "5.4"]
[White "Koelle, Tobias"]
[Black "Faerber, David"]
[Result "1/2-1/2"]
[WhiteElo "2431"]
[BlackElo "2339"]
[PlyCount "185"]
[EventDate "2022.??.??"]

1. d4 d5 2. c4 c6 3. Nf3 Nf6 4. Qc2 dxc4 5. Qxc4 Bg4 6. Nbd2 Nbd7 7. g3 e6 8.
Bg2 Be7 9. O-O O-O 10. Qb3 Qb6 11. Nc4 Qa6 12. Bd2 Nb6 13. Rfc1 Nxc4 14. Qxc4
Qxc4 15. Rxc4 Nd7 16. Bb4 Nb6 17. Bxe7 Nxc4 18. Bxf8 Kxf8 19. e3 Rb8 20. b3
Bxf3 21. Bxf3 Nb6 22. Rc1 Ke7 23. Be4 h5 24. f4 Nd5 25. Kf2 Nf6 26. Bf3 h4 27.
Be2 hxg3+ 28. hxg3 Rh8 29. Kg2 Nd7 30. b4 a6 31. a4 Rc8 32. Bf3 f5 33. b5 axb5
34. axb5 Kd8 35. bxc6 bxc6 36. g4 g6 37. Ra1 Nb6 38. g5 Rc7 39. Kg3 Ke7 40. Rc1
Nd5 41. Bxd5 exd5 42. Rh1 c5 43. dxc5 Rxc5 44. Rh7+ Ke8 45. Kf3 Kf8 46. Ke2 Rc3
47. Rd7 Ra3 48. Rxd5 Ke7 49. Rb5 Ra6 50. Rb7+ Ke6 51. Kf3 Kd5 52. Rf7 Re6 53.
Ke2 Rd6 54. Ra7 Rb6 55. Rd7+ Ke6 56. Rg7 Kd5 57. Kd3 Rb3+ 58. Kd2 Rb6 59. Re7
Ra6 60. Re8 Rb6 61. Kd3 Rb3+ 62. Ke2 Rb6 63. Kf3 Ra6 64. Rf8 Rd6 65. Ra8 Rb6
66. Ra7 Ke6 67. Ke2 Kd5 68. Ra5+ Ke6 69. Kd3 Rb3+ 70. Kd4 Rb4+ 71. Kc5 Re4 72.
Ra3 Kf7 73. Rd3 Ke6 74. Rb3 Kf7 75. Kd5 Re7 76. Kc6 Re6+ 77. Kc5 Re4 78. Ra3
Ke6 79. Rd3 Ke7 80. Kc6 Kf7 81. Kc7 Rc4+ 82. Kd8 Re4 83. Rc3 Re8+ 84. Kd7 Re7+
85. Kd6 Re6+ 86. Kd5 Re7 87. Rb3 Kg7 88. Kc6 Re6+ 89. Kc7 Kf7 90. Rd3 Re4 91.
Rc3 Re7+ 92. Kd6 Re6+ 93. Kd5 1/2-1/2

[Event "2BLS 2122 TSV Schönaich - SV 1947 Wall"]
[Site "?"]
[Date "2022.05.14"]
[Round "5.5"]
[White "Gschnitzer, Oswald"]
[Black "Saric, Ante"]
[Result "0-1"]
[WhiteElo "2366"]
[BlackElo "2510"]
[PlyCount "168"]
[EventDate "2022.??.??"]

1. Nf3 Nf6 2. c4 e6 3. Nc3 d5 4. d4 Be7 5. Bg5 O-O 6. e3 Nbd7 7. Rc1 h6 8. Bh4
c6 9. Bd3 dxc4 10. Bxc4 b5 11. Bd3 a6 12. O-O c5 13. a4 b4 14. Ne4 cxd4 15.
Nxd4 Bb7 16. Nxf6+ Bxf6 17. Bg3 Be5 18. Bb1 Bxg3 19. hxg3 Nf6 20. Qb3 Qb6 21.
Rfd1 Rac8 22. Bd3 Nd7 23. Qa2 Bd5 24. b3 Qb7 25. f3 Qa7 26. Qe2 Nc5 27. Bc4
Bxc4 28. Rxc4 e5 29. Nf5 Nxb3 30. Rxb4 Nc5 31. Rg4 g6 32. Nxh6+ Kh7 33. Rh4 Kg7
34. Ng4 Nxa4 35. Kf2 Nc3 36. Rdh1 Rh8 37. Rxh8 Rxh8 38. Qe1 Rc8 39. Nxe5 Qb8
40. Nd3 Qb3 41. Nf4 Qb2+ 42. Kg1 Rd8 43. Kh2 Rd1 44. Qxd1 Nxd1 45. Rxd1 a5 46.
Rd4 Qb5 47. Rd5 Qa6 48. Rd2 a4 49. Nd5 Qc4 50. Nb6 Qb4 51. Ra2 Qxb6 52. Rxa4
Qxe3 53. Re4 Qh6+ 54. Rh4 Qg5 55. Rg4 Qb5 56. Rd4 f5 57. Rd6 Qb4 58. Rd7+ Kf6
59. f4 Qc3 60. Ra7 Qc8 61. Rh7 Ke6 62. Kh1 Qd8 63. Rb7 Qd4 64. Rb5 Qd3 65. Rb6+
Kd5 66. Kh2 Qd1 67. Rb5+ Kd4 68. Re5 Qh5+ 69. Kg1 Qg4 70. Kh2 g5 71. Ra5 Qh5+
72. Kg1 Qd1+ 73. Kh2 g4 74. Re5 Qd3 75. Re8 Qc3 76. Re5 Kd3 77. Re8 Kd2 78. Re5
Qb2 79. Re8 Qc3 80. Re5 Qc4 81. Re8 Qe4 82. Re5 Ke2 83. Ra5 Qd3 84. Rxf5 Kf2
0-1

[Event "2BLS 2122 TSV Schönaich - SV 1947 Wall"]
[Site "?"]
[Date "2022.05.14"]
[Round "5.6"]
[White "Plenca, Julijan"]
[Black "Tompa, Janos"]
[Result "1-0"]
[WhiteElo "2443"]
[BlackElo "2327"]
[PlyCount "61"]
[EventDate "2022.??.??"]

1. e4 c5 2. Nf3 e6 3. d4 cxd4 4. Nxd4 Bc5 5. Nb3 Bb6 6. Nc3 Ne7 7. Bg5 O-O 8.
Qd2 Nbc6 9. O-O-O f5 10. exf5 Rxf5 11. Be3 d5 12. f4 Rf7 13. g3 Nf5 14. Bxb6
Qxb6 15. Bh3 a5 16. Bxf5 Rxf5 17. Nd4 Nxd4 18. Qxd4 Qxd4 19. Rxd4 g5 20. fxg5
Rxg5 21. Rf1 Rg7 22. Ne4 Bd7 23. Nf6+ Kh8 24. Ng4 Bb5 25. Re1 Rg6 26. a4 Bc6
27. Rf4 Re8 28. Ne5 Rg7 29. Ref1 h6 30. Rh4 Rh7 31. Ng4 1-0